000 00310nam a22001337a 4500
008 171013b xxu||||| |||| 00| 0 eng d
020 _a9781578790593
041 _aeng
080 _25TH
_a316
100 _a51
101 _aSOC
245 _aRESEARCH METHODS FOR SOCIAL WORKERS
_cWILLIAMS,M
942 _2udc
_cBK
999 _c33756
_d33756